| 000 | 00869nam a2200253Ia 4500 | ||
|---|---|---|---|
| 003 | OSt | ||
| 005 | 20220923225537.0 | ||
| 006 | a|||||r|||| 00| 0 | ||
| 007 | ta | ||
| 008 | tam | ||
| 024 | _a270,714 | ||
| 037 | _cTextual | ||
| 040 |
_aARTS _cARTS _btam |
||
| 041 |
_2tam _atam |
||
| 082 | _aO31,3NPA,YG, 152N2 | ||
| 100 |
_aपांर्थसारथी, ना0 _9162726 |
||
| 245 | 0 | _aयह गली बिकाऊ नही, अनु रा वीलिनाथन | |
| 246 | _aYah galī bikāū nahī, anu rā vīlināthana | ||
| 260 |
_aनयी दिल्ली _b साहित्य अकादेमी _c1992 |
||
| 300 |
_a152पृ0 _ccm. |
||
| 650 | _aतमिल साहित्य | ||
| 942 |
_hO31,3NPA,YG, 152N2 _cTEXL _2CC |
||
| 999 |
_c378964 _d378964 |
||